Tilastot visalle Iranin naapurimaat

Klikkaa tästä pelataksesi tätä visaa!

Yleistilastot

  • Tätä visaa on pelattu 1 178 kertaa
  • Keskiarvotulos 6 / 7

Vastaustilastot

Rajan pituus (km)Maa% Oikein
1 599Irak
100%
921Afganistan
88%
959Pakistan
87%
1 148Turkmenistan
77%
534Turkki
73%
44Armenia
70%
611Azerbaidžan
70%

Tulosjakauma

Persentiili vastausten määrän mukaan

Jokaisen tuloksen saaneiden osuus

Tuloshistoriasi

Et ole pelannut tätä visaa